First Verse: The Book of Mormon Quiz Stats

 Plays Quiz not verified by Sporcle

Also try: Famous Anne
Challenge
Share
Tweet
Embed
Score 0/294 Timer 11:00
0 Plays Today
Hint Answer % Correct
Hellois
99%
HelloI
99%
Hellois
99%
Hellois
99%
HelloI
99%
Turn it offI
99%
I BelieveI
99%
I BelieveI
99%
I BelieveI
99%
I BelieveI
99%
I BelieveI
99%
I BelieveI
99%
Baptize meI
99%
Baptize meI
99%
HelloHello!
98.5%
HelloMy
98.5%
Helloname
98.5%
Helloand
98.5%
Hellothe
98.5%
HelloHello!
98.5%
HelloMy
98.5%
Helloname
98.5%
Helloa
98.5%
Helloa
98.5%
HelloHello!
98.5%
HelloMy
98.5%
Helloname
98.5%
Turn it offa
98.5%
Turn it offa
98.5%
Turn it offa
98.5%
I Believea
98.5%
I Believethe
98.5%
I BelieveMy
98.5%
I Believeand
98.5%
I Believethe
98.5%
I Believemy
98.5%
I Believethe
98.5%
I Believethe
98.5%
I Believethe
98.5%
I Believethe
98.5%
Baptize methe
98.5%
Baptize meand
98.5%
Baptize mea
98.5%
Baptize mea
98.5%
Baptize memy
98.5%
Baptize memy
98.5%
Baptize meHe
98.5%
Baptize mehe
98.5%
Baptize meand
98.5%
Baptize mehe
98.5%
Baptize meAnd
98.5%
Baptize mehe
98.5%
Baptize memy
98.5%
Baptize meand
98.5%
Baptize mehe
98.5%
Helloto
98%
Helloyou
98%
Hellobook.
98%
Hellobook
98%
Helloyou
98%
Hellobook
98%
Helloto
98%
Helloyou
98%
Hellobook
98%
Turn it offyou
98%
Turn it offyou
98%
Turn it offYou
98%
Turn it offyou
98%
Turn it offto
98%
Turn it offyou
98%
Turn it offto
98%
I Believeto
98%
I Believeto
98%
I Believeto
98%
I Believeto
98%
I Believeto
98%
I Believeto
98%
I Believeto
98%
Baptize meto
98%
Baptize meto
98%
HelloElder
97.5%
Hellowould
97.5%
Hellowith
97.5%
HelloElder
97.5%
HelloIt
97.5%
HelloElder
97.5%
Hellowould
97.5%
Hellowith
97.5%
I BelieveIt
97.5%
I Believewith
97.5%
Baptize meit
97.5%
Baptize meit
97.5%
Baptize mewith
97.5%
Baptize meit
97.5%
HelloPrice
97.1%
Hellolike
97.1%
Helloshare
97.1%
Hellolike
97.1%
Hint Answer % Correct
Helloshare
97.1%
Helloabout
96.1%
Turn it offbe
96.1%
I Believebe
96.1%
I Believebe
96.1%
I Believebe
96.1%
I Believebe
96.1%
Baptize meabout
96.1%
Baptize meabout
96.1%
Hellomost
95.1%
Helloamazing
95.1%
Helloof
95.1%
Turn it offof
95.1%
I Believeof
95.1%
Baptize meof
95.1%
HelloIt's
94.6%
Hellotime
94.6%
Turn it offit's
94.6%
I Believetime
94.6%
Baptize metime
94.6%
Hellothis
94.1%
Hellothis
94.1%
I BelieveThis
94.1%
Hellolong,
93.1%
Hellolong
93.1%
Helloago.
92.6%
Helloso
92.6%
I Believeso
92.6%
I Believeso
92.6%
I Believeso
92.6%
I Believeso
92.6%
I Believeso
92.6%
Hellocan
91.7%
Helloyour
91.7%
Turn it offyour
91.7%
Hellochange
90.2%
Hellolife.
90.2%
HelloJesus
90.2%
HelloChrist.
90.2%
I BelieveChrist
90.2%
I Believedo
89.7%
Baptize medo
89.7%
Baptize medo
89.7%
Hellobelieve
89.2%
Turn it offthat
89.2%
Turn it offthat
89.2%
Turn it offin
89.2%
Turn it offin
89.2%
Baptize mebelieve
89.2%
Baptize mein
89.2%
Baptize mein
89.2%
Hellohas
88.7%
HelloAmerica
88.2%
I Believeme?
87.7%
I Believeme
87.7%
Baptize meme,
87.7%
Baptize meme
87.7%
Baptize meme
87.7%
Baptize meme
87.7%
Hellohow
86.8%
I Believefor
86.8%
Baptize meI'm
86.8%
Baptize mefor
86.8%
Baptize meI'm
86.8%
Baptize meI'm
86.8%
Baptize mehow
86.8%
Hellomany
86.3%
Turn it offno
86.3%
Baptize mewho
86.3%
Baptize mewill
86.3%
Baptize mewill
86.3%
Baptize mewill
86.3%
Baptize mewill
86.3%
Helloparts
85.3%
Turn it offfeeling
85.3%
Turn it offfeeling
85.3%
Turn it offfeel
85.3%
Turn it offfeel
85.3%
Turn it offfeel
85.3%
Helloawesome
84.8%
Turn it offcould
84.8%
Turn it offgot
83.8%
Turn it offthan
83.8%
Turn it offgot
83.8%
Turn it offWhen
83.8%
Baptize mewhen
83.8%
Turn it offlot
83.3%
Turn it offtoday.
83.3%
I Believewas
83.3%
I Believewas
83.3%
I Believewas
83.3%
I Believewas
83.3%
I Believewas
83.3%
Hellomuch
82.8%
Turn it offwhole
82.8%
Turn it offbetter
82.8%
Baptize mefirst
82.8%
Baptize mebaptize
82.8%
Hint Answer % Correct
Baptize mebaptize
82.8%
Baptize mebaptize
82.8%
Baptize memuch
82.8%
Hellowon't
82.4%
Turn it offway!
82.4%
Turn it offproblem,
81.9%
Turn it offproblem,
81.9%
Turn it offthat's
81.4%
I Believewhat
81.4%
I Believewhat
81.4%
Baptize megonna
81.4%
Baptize megirl -
81.4%
Baptize megirl,
81.4%
Baptize meher.
81.4%
Turn it offwell
80.9%
Turn it offnot
80.9%
I Believebest -
80.4%
I Believeall
80.4%
I Believeall
80.4%
Turn it offsay
79.9%
Turn it offthem
79.9%
Turn it offeasy
79.4%
Turn it offHold
79.4%
Baptize mehold
79.4%
Turn it offdon't
78.9%
Hellosimply
77.9%
Turn it offthose
77.9%
Turn it offinstead.
77.9%
HelloGrant.
77%
I Believesaid
77%
Turn it offhead,
76.5%
Turn it offfeelings!
76.5%
I Believefriends
76.5%
I BelieveEver
76%
I Believehappened?
76%
I Believehappened?
76%
I Believethen
76%
I Believewhy
75.5%
HelloGreen.
75%
I Believesince
75%
I Believefamily
75%
I Believebut
74.5%
I Believewhat's
74.5%
I Believematter
74.5%
Turn it offthoughts
74%
I Believechild
74%
I Believetried
74%
I Believeblessed -
73.5%
I Believesupposed
73.5%
Turn it offsuper
73%
I Believescared?
73%
I Believethings
72.5%
Turn it offget
72.1%
Turn it offstart
71.6%
I Believe'cross
71.6%
I Believeoh
71.6%
I Believeteaching
71.1%
I Believesea
71.1%
I Believeexciting,
70.1%
I Believeshaken -
70.1%
I Believeallowed
69.6%
I Believefaith
69.6%
I Believenever
69.6%
Baptize mecan't
69.6%
I Believealways
69.1%
Baptize mehis
69.1%
I BelieveI've
68.1%
I Believeup,
67.6%
Baptize mearms
67.2%
I Believestep
66.7%
Baptize meheart
66.7%
I Believedared.
66.2%
Baptize memakes
66.2%
Baptize memakes
66.2%
Baptize mespecial
65.2%
I Believehelp
64.7%
I Believeneedy,
64.2%
Baptize meflutter,
63.7%
Turn it offbecause
63.2%
Baptize mekinda
63.2%
Baptize mekinda
63.2%
I Believelonged
62.7%
Turn it offconfused
62.3%
Baptize melove
61.3%
Baptize mebaptized.
61.3%
Baptize mefree
58.8%
Baptize mejust
58.8%
Baptize meset
58.3%
Baptize mebeing
56.9%
Baptize meeyes
56.4%
Baptize meeyes
56.4%
Baptize meright
54.4%
Baptize mefront
54.4%
Baptize meeveryone.
53.4%
Baptize meinto
52%
Baptize meblur.
51%
Baptize melooks
50.5%
Baptize mesees
48%

You're not logged in!

Compare scores with friends on all Sporcle quizzes.
Join for Free
OR
Log In

You Might Also Like...

Show Comments

Extras

Top Quizzes Today


Score Distribution

Your Account Isn't Verified!

In order to create a playlist on Sporcle, you need to verify the email address you used during registration. Go to your Sporcle Settings to finish the process.

Report this User

Report this user for behavior that violates our Community Guidelines.

Details: